Mexican autographs and receipts : (Record no. 43403)

MARC details
000 -LEADER
fixed length control field 00832cpcaa22002417a 4500
001 - CONTROL NUMBER
control field mm 82004147
003 - CONTROL NUMBER IDENTIFIER
control field DLC
005 - DATE AND TIME OF LATEST TRANSACTION
control field 20260227111712.0
008 - FIXED-LENGTH DATA ELEMENTS--GENERAL INFORMATION
fixed length control field 821130|||||||||||| spa
010 ## - LIBRARY OF CONGRESS CONTROL NUMBER
LC control number mm 82004147
040 ## - CATALOGING SOURCE
Original cataloging agency DLC
Transcribing agency DLC
Description conventions dacs
Modifying agency DLC
072 #7 - SUBJECT CATEGORY CODE
Subject category code H
Source lcmd
245 00 - TITLE STATEMENT
Title Mexican autographs and receipts :
Form scrapbook,
Inclusive dates 1791-1867.
300 ## - PHYSICAL DESCRIPTION
Extent 1
Type of unit volume (78 pages).
506 0# - RESTRICTIONS ON ACCESS NOTE
Terms governing access Open to research.
520 8# - SUMMARY, ETC.
Summary, etc. Scrapbook (78 pages) containing Mexican autographs and receipts.
546 ## - LANGUAGE NOTE
Language note Collection material in Spanish.
580 ## - LINKING ENTRY COMPLEXITY NOTE
Linking entry complexity note Forms part of: Miscellaneous Manuscripts collection.
650 #0 - SUBJECT ADDED ENTRY--TOPICAL TERM
Topical term or geographic name entry element Autographs.
651 #0 - SUBJECT ADDED ENTRY--GEOGRAPHIC NAME
Geographic name Mexico
General subdivision History.

No items available.

Powered by Koha